[Event "Moscow op-B"]
[Site "Moscow"]
[Date "2009.11.20"]
[Round "1"]
[White "Grigoriev, Radimir"]
[Black "Radjanets, Andrey"]
[Result "0-1"]
[WhiteElo "2065"]
[BlackElo "1400"]
[PlyCount "51"]
[EventDate "2009.01.31"]
[EventType "swiss"]
[EventRounds "9"]
[EventCountry "RUS"]
[SourceTitle "EXT 2012"]
[Source "ChessBase"]
[SourceDate "2011.11.24"]
[SourceVersion "1"]
[SourceVersionDate "2011.11.24"]
[SourceQuality "1"]

1. e4 c5 2. Nc3 Nc6 3. f4 e6 4. Nf3 g6 5. Bb5 a6 6. Bxc6 bxc6 7. 0-0 Bg7 8. d3 Ne7 9. e5 Nf5 10. Qe1 h5 11. Ne4 d6 12. Kh1 Rb8 13. exd6 h4 14. Ne5 Rb5 15. Nxc6 Qb6 16. Ne5 Bb7 17. d7+ Ke7 18. c4 Rb4 19. b3 Bxe5 20. fxe5 Qc7 21. Ba3 Qxe5 22. Bxb4 Bxe4 23. Qxe4 Ng3+ 24. hxg3 hxg3+ 25. Kg1 Rh1+ 26. Kxh1 0-1

[Event "Moscow op-B"]
[Site "Moscow"]
[Date "2009.02.03"]
[Round "4"]
[White "Kanjaryan, Vladimir"]
[Black "Grigoriev, Radimir"]
[Result "1-0"]
[WhiteElo "1877"]
[BlackElo "2065"]
[PlyCount "65"]
[EventDate "2009.01.31"]
[EventType "swiss"]
[EventRounds "9"]
[EventCountry "RUS"]
[SourceTitle "EXT 2012"]
[Source "ChessBase"]
[SourceDate "2011.11.24"]
[SourceVersion "1"]
[SourceVersionDate "2011.11.24"]
[SourceQuality "1"]

1. e4 e6 2. d4 d5 3. e5 c5 4. c3 Nc6 5. Nf3 cxd4 6. cxd4 Nge7 7. a3 Ng6 8. Nc3 a6 9. b4 b5 10. Be3 Be7 11. Nd2 0-0 12. Bd3 f6 13. exf6 Bxf6 14. Nb3 Nh4 15. 0-0 Nf5 16. Bxf5 exf5 17. Rc1 Qd6 18. Qf3 Be6 19. Rfd1 g5 20. g3 Rad8 21. Nc5 Bc8 22. Ne2 Kg7 23. Rc2 Rh8 24. Rdc1 Ne7 25. Nd3 Be6 26. Qg2 h5 27. h4 g4 28. Bf4 Qd7 29. Rc7 Qe8 30. R1c6 Bf7 31. Rxf6 Kxf6 32. Be5+ Kg6 33. Bxh8 1-0